Hodnotenie efektívnosti krajín v oblasti udržateľného cestovného ruchu diplomová práca

Guardado en:
Detalles Bibliográficos
Autor principal: Lacková, Alexandra
Autor Corporativo: Obchodná fakulta EU. Katedra cestovného ruchu
Otros Autores: Lacko, Roman, 1988-
Formato: Libro
Lenguaje:eslovaco
Publicado: Bratislava 2025
Etiquetas: Agregar Etiqueta
Sin Etiquetas, Sea el primero en etiquetar este registro!

MARC

LEADER 00000nbm a2200000 4500
001 0310213
005 20251118113626.2
041 0 |a slo 
044 |a SK 
245 1 0 |a Hodnotenie efektívnosti krajín v oblasti udržateľného cestovného ruchu  |b diplomová práca  |c Alexandra Lacková ; školiteľ: Roman Lacko 
264 1 |a Bratislava  |c 2025 
300 |a 78 s. 
100 1 |a Lacková, Alexandra 
700 1 |a Lacko, Roman, 1988- 
710 2 |a Obchodná fakulta EU. Katedra cestovného ruchu